000 00878nam a2200253 a 4500
001 000003729
003 DO-SdBNP
005 20260204100029.0
008 090713s2006 dr ab 001 0 spa d
020 _a9945421034
040 _aDO-SdBNP
_bspa
_cBNPHU
082 _a711.4098
_bV292e
100 1 _aVargas Mera, Ramón,
_d1926-
_911353
245 1 0 _aEstrategias y políticas urbanas /
_cRamón Vargas Mera.
260 _aSanto Domingo :
_bAmigo del Hogar,
_c2006.
300 _a162 p. :
_bil. , mapa ;
_c23 cm.
504 _aIncluye referencias bibliográficas y notas al pie de las páginas
504 _aBibliografía: p. 161-162
650 7 _aUrbanismo
_zAmérica Latina
_951101
_2LIBRUNAM
650 0 _aPolítica urbana
_911355
651 7 _aAmérica Latina
_xCondiciones sociales
_94092
_2LIBRUNAM
910 _aValidado. Control de calidad MMOLINA
942 _2ddc
_cLBS1
999 _c3551
_d3551